| 000 | 01232cam a2200265 a 4500 | ||
|---|---|---|---|
| 001 | 14969489 | ||
| 005 | 20221121153014.0 | ||
| 008 | 070816s2008 flua b 001 0 eng | ||
| 010 | _a 2007034217 | ||
| 020 | _a9781584885924 (alk. paper) | ||
| 040 |
_aDLC _cDLC _dDLC |
||
| 050 | 0 | 0 |
_aQA614.8 _b.E53 2008 |
| 082 | 0 | 0 |
_a515.39,ELA _222 |
| 100 | 1 |
_aElaydi, Saber, _d1943- _9103287 |
|
| 245 | 1 | 0 |
_aDiscrete chaos : _bwith applications in science and engineering / _cSaber N. Elaydi. |
| 250 | _a2nd ed. | ||
| 260 |
_aBoca Raton : _bChapman & Hall/CRC, _cc2008. |
||
| 300 |
_axx, 419 p. : _bill. ; _c25 cm. + _e1 CD-ROM (4 3/4 in.) |
||
| 505 | _aThe Stability of One-Dimensional Maps (Page-1), Attraction and Bifurcation (Page-61), Chaos in one Dimension (Page-119), Stability of Tow-Dimensional Maps (Page-171), Bifurcation and Chaos in two Dimensions (Page-241), Fractals (Page-289), The Julia and Mandelbrot Sets (Page-341), Bibliography (Page-389). | ||
| 650 | 0 |
_aDifferentiable dynamical systems. _91713 |
|
| 650 | 0 |
_aDifference equations. _911012 |
|
| 650 | 0 |
_aChaotic behavior in systems. _927016 |
|
| 856 | 4 | 1 |
_3Table of contents only _uhttp://www.loc.gov/catdir/toc/ecip0725/2007034217.html |
| 942 |
_2ddc _cBK _k515.39,ELA |
||
| 999 |
_c592457 _d592457 |
||